|
|
|
|
| LEADER |
00997cam a2200265 7i4500 |
| 001 |
0000074604 |
| 005 |
20230119090000.0 |
| 020 |
|
|
|a 9781003096689 (electronic book)
|
| 090 |
0 |
0 |
|a SD421.45.M37
|b H56 2023
|
| 100 |
1 |
|
|a Himoto, Keisuke
|
| 245 |
1 |
0 |
|a Large outdoor fire dynamics
|c Keisuke Himoto.
|
| 264 |
|
|
|a Boca Raton, FL:
|b CRC Press,
|c 2023.
|
| 300 |
|
|
|a 1 online resource (393 pages):
|b illustrations, text file, PDF.
|
| 336 |
|
|
|a text
|2 rdacontent
|
| 337 |
|
|
|a computer
|2 rdamedia
|
| 338 |
|
|
|a online resource
|2 rdacarrier
|
| 650 |
|
0 |
|a Wildfires --
|x Mathematical models
|
| 650 |
|
0 |
|a Forest fires --
|x Mathematical models
|
| 650 |
|
0 |
|a Fire protection engineering
|
| 650 |
|
0 |
|a Heat transfer
|
| 655 |
|
0 |
|a Electronic books
|
| 856 |
4 |
2 |
|u http://library.unisel.edu.my/web/guest/mylibrary
|
| 997 |
|
|
|a Engineering & Life Sciences, Faculty
|b Science & Biotechnology, Department
|
| 998 |
|
|
|a Biotechnology & Life Sciences, Diploma
|
| 999 |
|
|
|a EBO0017732
|b EBOOK
|c EBOOK
|e Electronic resources
|